| 000 | 00000nam 2200000za 4500 |
| 001 | 9.828041 |
| 003 | CaOODSP |
| 005 | 20221107144941 |
| 007 | cr ||||||||||| |
| 008 | 161123s1949 oncd ob f001 0 eng d |
| 040 | |aCaOODSP|beng |
| 043 | |an-cn--- |
| 086 | 1 |aZ1-1948/2-2E-PDF |
| 245 | 00|aReport of the Royal Commission on Prices. Volume II |h[electronic resource]. |
| 260 | |aOttawa : |bEdmond Cloutier, King's Printer, |c1949. |
| 300 | |aviii, 260 p. |
| 500 | |aIssued also in French under title: Rapport de la Commission royale d'enquête sur les prix. Tome II. |
| 500 | |aHistorical publication digitized by the Privy Council Office of Canada. |
| 500 | |aCover title. |
| 500 | |a"C.A. Curtis, Esq., Ph.D., Chairman; H.C. Bois, Esq., Commissioner; Mrs. T.W. Sutherland, Commissioner"--Volume I, p. ii. |
| 504 | |aIncludes bibliographical references. |
| 530 | |aIssued also in print format. |
| 692 | 07|2gccst|aCommissions of inquiry |
| 692 | 07|2gccst|aEconomic conditions |
| 692 | 07|2gccst|aPrices |
| 692 | 07|2gccst|aStandard of living |
| 700 | 1 |aCurtis, C. A.|q(Clifford Austin),|d1899-1981. |
| 700 | 1 |aBois, Henri C. |
| 700 | 1 |aSutherland, T. W. |
| 710 | 1 |aCanada. |bPrivy Council Office. |
| 710 | 1 |aCanada.|bRoyal Commission on Prices. |
| 775 | 08|tRapport de la Commission royale d'enquête sur les prix. Tome II |w(CaOODSP)9.828043 |
| 856 | 40|qPDF|s4.46 MB|uhttps://publications.gc.ca/collections/collection_2016/bcp-pco/Z1-1948-2-2-1-eng.pdf |
| 856 | 40|qPDF|s7.68 MB|uhttps://publications.gc.ca/collections/collection_2016/bcp-pco/Z1-1948-2-2-2-eng.pdf |
| 856 | 40|qPDF|s8.88 MB|uhttps://publications.gc.ca/collections/collection_2016/bcp-pco/Z1-1948-2-2-3-eng.pdf |
| 856 | 40|qPDF|s9.93 MB|uhttps://publications.gc.ca/collections/collection_2016/bcp-pco/Z1-1948-2-2-4-eng.pdf |